000 00506nam a22001697a 4500
005 20251108164057.0
008 250721s1999 xx 000 0 ara d
082 1 4 _a210.41334/قضا
100 1 _aالقضاة، علي عبد الله إبراهيم
245 1 0 _aآيات الرحمن في علاج السحر و العين و مس الجان /
264 1 _aعمان :
_c1999.
300 _a121ص
650 1 7 _aالقرآن الكريم
650 1 7 _aالسحر
942 _2ddc
_cBK
999 _c3019
_d3019